| 000 | 00672nam a2200217 a 4500 | ||
|---|---|---|---|
| 001 | 8221 | ||
| 003 | CO-ViMGA | ||
| 008 | 141112s2004 ck r 000 u spa d | ||
| 020 | _a8474233771 | ||
| 040 |
_aCO-ViMGA _bspa _cCO-ViMGA |
||
| 082 | 0 | 4 | _a330.938 C761 |
| 100 | 1 |
_aSte Croix ; G.e.m, _98028 |
|
| 245 | 1 | 0 | _aLa Lucha de clases en el mundo griego antiguo |
| 260 |
_aBarcelona : _bEditorial Critica, _c1988 |
||
| 300 | _a851p. | ||
| 490 | _aCritica arqueologia | ||
| 650 | 1 | 4 |
_aESCLAVITUD EN GRECIA HASTA 323 D.C _98029 |
| 650 | 1 | 4 |
_aGRECIA - CONDICIONES ECONOMICAS HASTA 323 D.C _98030 |
| 650 | 1 | 4 |
_aLUCHAS SOCIALES - GRECIA - HASTA 323 D.C _98031 |
| 942 |
_2ddc _cBK |
||
| 999 |
_c20031 _d20031 |
||